Airlines - Map Quiz - Statistics

General Stats
  • This quiz has been taken 73 times
  • The average score is 18 of 25
Answers on the Map
Answers color-coded by a green-red scale on the quiz's map according to % correct below.
 
Answer Stats
Answer % Correct
Air Canada
89%
Air China
89%
British Airways
87%
Air Egypt
85%
Air France
85%
Ethiopian Airlines
84%
Lufthansa
84%
Icelandair
82%
Aeromexico
80%
Qantas
80%
American Airlines
79%
Korean Air
79%
ITA Aiways
75%
Iberia
74%
TAP Air
70%
Aeroflot
69%
Air Astana
69%
LOT
69%
KLM
66%
Mahan Air
64%
Latam
57%
Copa Airlines
51%
Avianca
49%
Azul Airlines
43%
LASER
39%
No matching quizzes found
Score Distribution
Percent of People with Each Score
Percentile by Number Answered
Your Score History
You have not taken this quiz